CSIR UGC NET/JRF/SET: mathematical sciences. (Record no. 195812)
[ view plain ]
| 000 -LEADER | |
|---|---|
| fixed length control field | 00414nam a2200157Ia 4500 |
| 008 - FIXED-LENGTH DATA ELEMENTS--GENERAL INFORMATION | |
| fixed length control field | 210716s2017 xx 000 0 und d |
| 020 ## - INTERNATIONAL STANDARD BOOK NUMBER | |
| International Standard Book Number | 9788174823809 |
| 041 ## - LANGUAGE CODE | |
| Language code of text/sound track or separate title | eng |
| 082 ## - DEWEY DECIMAL CLASSIFICATION NUMBER | |
| Classification number | 153.94 KUMA |
| 100 ## - MAIN ENTRY--PERSONAL NAME | |
| Personal name | Kumar, Alok. |
| 245 ## - TITLE STATEMENT | |
| Title | CSIR UGC NET/JRF/SET: mathematical sciences. |
| Remainder of title | Mathematical sciences. |
| 250 ## - EDITION STATEMENT | |
| Edition statement | 1 |
| 260 ## - PUBLICATION, DISTRIBUTION, ETC. | |
| Place of publication, distribution, etc. | Agra |
| Name of publisher, distributor, etc. | Upkar Prakashan |
| Date of publication, distribution, etc. | 2017 |
| 300 ## - PHYSICAL DESCRIPTION | |
| Extent | 792 |
| 650 ## - SUBJECT ADDED ENTRY--TOPICAL TERM | |
| Topical term or geographic name entry element | Aptitude Test |
| Withdrawn status | Lost status | Source of classification or shelving scheme | Damaged status | Not for loan | Collection code | Home library | Current library | Date acquired | Source of acquisition | Cost, normal purchase price | Inventory number | Total Checkouts | Full call number | Barcode | Date last seen | Cost, replacement price | Price effective from | Koha item type |
|---|---|---|---|---|---|---|---|---|---|---|---|---|---|---|---|---|---|---|
| Dewey Decimal Classification | MCA | St Aloysius Institute of Management & Information Technology | St Aloysius Institute of Management & Information Technology | 03/10/2017 | Higginbothams Pvt Ltd | 660.00 | 212: 2017-03-09 | 153.94 KUMA | MCA15325 | 05/23/2026 | 528.00 | 07/16/2021 | Book |